[Event "Mongolia Women-TuS Coswig 1920"]
[Site "Radebeul"]
[Date "2016.06.29"]
[Round "?"]
[White "Bayarmaa, Gendenjamc"]
[Black "Poenisch, Wolfram"]
[Result "1-0"]
[WhiteElo "1929"]
[BlackElo "1877"]
[PlyCount "41"]
[EventDate "2016.??.??"]

1. d4 d5 2. Nf3 e6 3. Bf4 Bd6 4. Bg3 c5 5. e3 a6 6. c3 Nc6 7. Nbd2 Nf6 8. Bd3
Bxg3 9. hxg3 cxd4 10. exd4 g6 11. Qe2 b5 12. a3 Bd7 13. Ne5 Qe7 14. f4 Nh5 15.
Kf2 Nxe5 16. Qxe5 f6 17. Qe3 O-O 18. g4 Ng7 19. Qh3 f5 20. Qxh7+ Kf7 21. Rh6
1-0

[Event "TuS Coswig 1920-Mongolia Women"]
[Site "Radebeul"]
[Date "2016.06.29"]
[Round "?"]
[White "Flemmer, Wolfgang"]
[Black "Serjmyadag, Damdin"]
[Result "1-0"]
[WhiteElo "1984"]
[BlackElo "1949"]
[PlyCount "62"]
[EventDate "2016.??.??"]

1. e4 e6 2. d4 d5 3. Nd2 Nf6 4. e5 Nfd7 5. Bd3 c5 6. c3 Nc6 7. Ne2 cxd4 8. cxd4
Be7 9. O-O f5 10. exf6 Nxf6 11. Nf3 O-O 12. Bd2 Bd7 13. Rc1 Bd6 14. Bc3 Rc8 15.
Ng3 Bf4 16. Bd2 Bd6 17. Ne2 Qb6 18. b3 a6 19. Bb1 Ne7 20. Bc3 Ba3 21. Rc2 Ne4
22. Bb2 Rxc2 23. Bxa3 Rxe2 24. Qxe2 Nd6 25. Bc5 Qc7 26. Ng5 Rf6 27. Bxh7+ Kf8
28. Bd3 Ke8 29. Qe5 Nec8 30. Re1 Qc6 31. Nh7 Rh6 1-0

[Event "Eck-Gunners-Oranje 1"]
[Site "Radebeul"]
[Date "2016.06.29"]
[Round "?"]
[White "Gass, Ulrich"]
[Black "Westerveld, Wim"]
[Result "1-0"]
[WhiteElo "2081"]
[BlackElo "2157"]
[PlyCount "36"]
[EventDate "2016.??.??"]

1. e4 c5 2. Nf3 g6 3. Bc4 Bg7 4. c3 d6 5. d4 cxd4 6. cxd4 Nf6 7. Nc3 O-O 8. h3
Nxe4 9. Bxf7+ Rxf7 10. Nxe4 Nc6 11. O-O h6 12. d5 Nb4 13. a3 Na6 14. Nd4 Nc5
15. Ng3 Bxd4 16. Qxd4 Nb3 17. Qd1 Qa5 18. Qe1 (18. Qe2 Qxd5 19. Rd1 Qa5 20. Qe1
(20. Qe3) (20. Qc2 Be6 21. Re1) 20... Bd7) 18... Qxd5 1-0

[Event "Sweden 2-England 1"]
[Site "Radebeul"]
[Date "2016.06.29"]
[Round "?"]
[White "Ekelund, Kurt"]
[Black "Farrand, Julian T"]
[Result "1/2-1/2"]
[WhiteElo "1952"]
[BlackElo "2048"]
[PlyCount "39"]
[EventDate "2016.??.??"]

1. e4 d6 2. d4 Nf6 3. Nc3 c6 4. f4 Qa5 5. e5 Ne4 6. Qf3 d5 7. Bd3 Na6 8. Nge2
Nb4 9. O-O Nxd3 10. cxd3 Nxc3 11. bxc3 e6 12. Bd2 g6 13. Be1 Qd8 14. Qh3 Be7
15. Kh1 h5 16. Ng1 b6 17. a4 Ba6 18. Qf3 c5 19. dxc5 Bxc5 20. Nh3 1/2-1/2

[Event "Hessen 2-Rochade MV"]
[Site "Radebeul"]
[Date "2016.06.29"]
[Round "?"]
[White "Haase, Wolfgang"]
[Black "Pamperin, Gerhard"]
[Result "1-0"]
[WhiteElo "2144"]
[BlackElo "1936"]
[PlyCount "105"]
[EventDate "2016.??.??"]

1. Nf3 d5 2. d4 Nf6 3. Bf4 e6 4. e3 c5 5. c3 Nc6 6. Bd3 Bd7 7. Nbd2 Be7 8. h3
Rc8 9. O-O O-O 10. dxc5 Bxc5 11. e4 dxe4 12. Nxe4 Be7 13. Qe2 Qa5 14. Rfd1 Rfd8
15. b4 Qb6 16. Nd6 Bxd6 17. Bxd6 Be8 18. Bg3 Ne7 19. c4 Bc6 20. a3 Bxf3 21.
Qxf3 Ng6 22. Ra2 Rd7 23. Rad2 Qd8 24. Qe3 a6 25. h4 Qe7 26. Qg5 h6 27. Qe3 Nf8
28. Bf4 Rcd8 29. Qe2 N8h7 30. g4 g5 31. Be3 Qe8 32. Bb6 Rc8 33. Qf3 Kg7 34. h5
Nf8 35. Qe2 Rc6 36. Bc5 Qd8 37. Bc2 Rxd2 38. Rxd2 Qb8 39. Ba4 Rc8 40. Bd6 Qa8
41. Be5 Rd8 42. Qf3 N8h7 43. Qc3 Rxd2 44. Qxd2 Kg8 45. Qd4 Ne8 46. Bc2 Qc8 47.
Be4 Nf8 48. c5 Nd7 49. Bg3 Ndf6 50. Bg2 e5 51. Bxe5 Qxg4 52. Bxf6 Nxf6 53. Qxg4
1-0

[Event "Denmark-SV Dresden-Striesen 1990 e.V."]
[Site "Radebeul"]
[Date "2016.06.29"]
[Round "?"]
[White "Andersson, Finn"]
[Black "Niese, Dieter"]
[Result "1/2-1/2"]
[WhiteElo "1816"]
[BlackElo "1811"]
[PlyCount "56"]
[EventDate "2016.??.??"]

1. e4 e6 2. Nf3 d5 3. exd5 exd5 4. d4 Bd6 5. Bd3 Ne7 6. Bg5 O-O 7. O-O f6 8.
Bd2 b6 9. c4 c6 10. Qc2 g6 11. Bh6 Rf7 12. c5 bxc5 13. dxc5 Be5 14. Be3 Nf5 15.
Re1 Qc7 16. Nbd2 Be6 17. Nb3 Re7 18. Nbd4 Nxd4 19. Bxd4 Nd7 20. Qc3 Bf7 21. g3
Rae8 22. h4 Bxd4 23. Nxd4 Rxe1+ 24. Rxe1 Rxe1+ 25. Qxe1 Ne5 26. Qe2 g5 27. f4
gxf4 28. gxf4 Ng6 1/2-1/2

[Event "Belgium 2-Dresdner Springer"]
[Site "Radebeul"]
[Date "2016.06.29"]
[Round "?"]
[White "De Reymaeker, Walter"]
[Black "Schwier, Gerd"]
[Result "1-0"]
[WhiteElo "1889"]
[BlackElo "1864"]
[PlyCount "39"]
[EventDate "2016.??.??"]

1. c4 e5 2. g3 c6 3. Bg2 Bc5 4. e3 Nf6 5. Ne2 O-O 6. O-O d5 7. d4 exd4 8. exd4
Be7 9. cxd5 Nxd5 10. Nbc3 Be6 11. Nf4 Nxf4 12. Bxf4 Bg5 13. Bxg5 Qxg5 14. d5
cxd5 15. f4 Qd8 16. f5 Qb6+ 17. Kh1 Nc6 18. fxe6 fxe6 19. Qd2 Ne5 20. Qe2 1-0

[Event "Randbauern-TuR Dresden"]
[Site "Radebeul"]
[Date "2016.06.29"]
[Round "?"]
[White "Geibel, Henning"]
[Black "Heinze, Peter"]
[Result "0-1"]
[WhiteElo "1444"]
[BlackElo "1635"]
[PlyCount "100"]
[EventDate "2016.??.??"]

1. e4 e6 2. Nf3 d5 3. exd5 exd5 4. d4 Bd6 5. Be2 Bf5 6. O-O Ne7 7. Nc3 c6 8.
Bd3 Bg4 9. h3 Bh5 10. Be2 Qc7 11. Re1 Nd7 12. Ng5 Bg6 13. Bh5 Bxh5 14. Qxh5 g6
15. Qf3 O-O 16. Qg4 Nf5 17. Ne2 Rae8 18. Bf4 Nf6 19. Bxd6 Qxd6 20. Qf4 Rxe2 21.
Qxd6 Rxe1+ 22. Rxe1 Nxd6 23. b3 Nfe4 24. Nf3 Re8 25. a4 Nc3 26. Rxe8+ Nxe8 27.
Kf1 Nd6 28. g4 f5 29. g5 Nde4 30. h4 Nd1 31. c4 Ndxf2 32. cxd5 cxd5 33. Ke2 Nh3
34. Ne5 Nf4+ 35. Ke3 Ng2+ 36. Kf3 Nxh4+ 37. Kf4 Ng2+ 38. Kf3 Ne1+ 39. Kf4 Nc2
40. Nf3 Kf7 41. Ke5 Nb4 42. Kf4 Ke6 43. Ne5 Nc6 44. Nf3 Na5 45. b4 Nc6 46. b5
Na5 47. Ne5 Nc3 48. Nd3 Nxa4 49. Nc5+ Nxc5 50. dxc5 Nb3 0-1

[Event "Norway 3-BSV Chemie Radebeul"]
[Site "Radebeul"]
[Date "2016.06.29"]
[Round "?"]
[White "Tveten, Per"]
[Black "Koenig, Manfred"]
[Result "1-0"]
[WhiteElo "1537"]
[BlackElo "1305"]
[PlyCount "86"]
[EventDate "2016.??.??"]

1. e4 e5 2. Nf3 Nf6 3. Nc3 Bb4 4. Bd3 Bxc3 5. bxc3 d6 6. h3 O-O 7. O-O h6 8.
Bb2 Nbd7 9. Re1 b6 10. Bb5 Bb7 11. Bxd7 Qxd7 12. d3 Rfe8 13. c4 c5 14. a4 a5
15. Rf1 Bc6 16. c3 Qd8 17. Nd2 Ra7 18. f3 Nh5 19. d4 Bb7 20. d5 Nf4 21. Rf2 Nd3
22. Nf1 Nxf2 23. Kxf2 Ba6 24. Ne3 Qh4+ 25. Kg1 Bc8 26. Bc1 Qh5 27. Kh2 f6 28.
g4 Qg6 29. Ng2 Qh7 30. Rb1 Rb7 31. Rb2 Bd7 32. Be3 Bc8 33. Qb1 g5 34. Rxb6 Qc7
35. Rb5 Re7 36. h4 Rf7 37. h5 Kg7 38. Ne1 Qd7 39. Nd3 Rxb5 40. cxb5 Qb7 41. c4
Qb6 42. Bd2 Ba6 43. Qe1 Ra7 1-0

[Event "Tunisia-Dresdner Seniorenklub"]
[Site "Radebeul"]
[Date "2016.06.29"]
[Round "?"]
[White "Chaabani, Abdelkader"]
[Black "Ziegenbein, Dieter"]
[Result "1-0"]
[WhiteElo "1728"]
[BlackElo "1701"]
[PlyCount "69"]
[EventDate "2016.??.??"]

1. d4 Nf6 2. c4 e6 3. Nf3 b6 4. Nc3 Bb4 5. e3 Bb7 6. Bd2 O-O 7. Rc1 c5 8. a3
cxd4 9. exd4 Bxc3 10. Bxc3 d5 11. c5 Ne4 12. b4 Nd7 13. Bb5 a6 14. Ba4 b5 15.
Bb3 Qe7 16. Bb2 Bc6 17. O-O f5 18. Re1 Rf6 19. Ne5 Nxe5 20. dxe5 Rh6 21. Re2
Qh4 22. h3 g5 23. Qf1 f4 24. Bd1 g4 25. Rxe4 dxe4 26. Bxg4 Rf8 27. Qe2 Rf7 28.
Qd2 Bd5 29. c6 Qd8 30. g3 e3 31. fxe3 fxe3 32. Qxe3 Kg7 33. Bd4 Qc8 34. Bb6 Bc4
35. Qc5 1-0

[Event "Tunisia-Dresdner Seniorenklub"]
[Site "Radebeul"]
[Date "2016.06.29"]
[Round "?"]
[White "Malki, Mounir"]
[Black "Neffe, Guenther"]
[Result "1-0"]
[WhiteElo "1757"]
[BlackElo "1606"]
[PlyCount "135"]
[EventDate "2016.??.??"]

1. d4 d5 2. c4 dxc4 3. Nc3 Nf6 4. e4 e6 5. Bxc4 Nc6 6. Nf3 Bb4 7. Bg5 h6 8. Bh4
Bxc3+ 9. bxc3 Ne7 10. Bxf6 gxf6 11. Rb1 c6 12. a4 Qa5 13. Qc2 a6 14. O-O b5 15.
Bb3 Bb7 16. axb5 cxb5 17. d5 exd5 18. exd5 Qd8 19. c4 Rc8 20. Rfe1 O-O 21. Qe4
Re8 22. Qf4 Kg7 23. Bc2 Ng6 24. Qg4 Rxc4 25. Rxe8 Qxe8 26. Nd4 Kh7 27. h4 Bc8
28. Qd1 Kg7 29. Bb3 Rc7 30. h5 Ne5 31. Qd2 Nc4 32. Qf4 Qe5 33. Qxe5 fxe5 34.
Nc6 Nd2 35. Rb2 Nxb3 36. Rxb3 Bb7 37. Rg3+ Kf8 38. Nxe5 Bxd5 39. Rd3 Be6 40.
Rd6 a5 41. Nc6 a4 42. Rd8+ Kg7 43. Nb4 Rd7 44. Ra8 Bd5 45. Ra5 Bc4 46. Kh2 Rd2
47. Kg3 Rb2 48. Nc6 b4 49. Ne5 Bb3 50. Nd3 a3 51. Nxb4 a2 52. Ra7 Rb1 53. Nxa2
Ra1 54. Rb7 Bxa2 55. Ra7 Kf6 56. Kf4 Ke6 57. Ra6+ Kd7 58. g4 Kc7 59. Rxh6 Rf1
60. Ke3 Re1+ 61. Kf4 Bd5 62. Rf6 Re4+ 63. Kg5 Re8 64. f4 Kd7 65. h6 Re2 66. h7
Rh2 67. Rh6 Rg2 68. h8=Q 1-0

[Event "SC Forchheim e.V.-Emanuel-Lasker-Gesell"]
[Site "Radebeul"]
[Date "2016.06.30"]
[Round "?"]
[White "Heidrich, Manfred"]
[Black "Jussupow, Artur"]
[Result "1/2-1/2"]
[WhiteElo "2339"]
[BlackElo "2596"]
[PlyCount "67"]
[EventDate "2016.??.??"]

1. e4 e6 2. d4 d5 3. Nd2 c5 4. exd5 exd5 5. Ngf3 Nc6 6. Bb5 Bd6 7. dxc5 Bxc5 8.
O-O Nge7 9. Nb3 Bd6 10. Bg5 O-O 11. Bh4 Qb6 12. Be2 a5 13. a4 Nf5 14. Qxd5 Nb4
15. Qb5 Qxb5 16. axb5 Nxh4 17. Nxh4 Nxc2 18. Rxa5 Rxa5 19. Nxa5 Bb4 20. Nc4 Nd4
21. Bd3 Rd8 22. Ne3 g6 23. Rd1 Be6 24. Be4 Ne2+ 25. Kh1 Rxd1+ 26. Nxd1 b6 27.
Ne3 Be1 28. Nd1 Nd4 29. Nf3 Nxf3 30. Bxf3 Bc4 31. Bc6 Bb3 32. Bf3 Bxd1 33. Bxd1
Bxf2 34. g3 1/2-1/2

[Event "SV Eiche Reichenbrand-VSG 1880 Offenbac"]
[Site "Radebeul"]
[Date "2016.06.30"]
[Round "?"]
[White "Fehlhammer, Michael"]
[Black "Hoehn, Michael"]
[Result "1-0"]
[WhiteElo "2174"]
[BlackElo "2069"]
[PlyCount "45"]
[EventDate "2016.??.??"]

1. e4 d6 2. d4 e5 3. dxe5 dxe5 4. Qxd8+ Kxd8 5. Nc3 c6 6. f4 Nd7 7. Nf3 f6 8.
Bc4 exf4 9. Bxf4 g5 10. Bg3 g4 11. Nd4 Ne5 12. Bb3 Bb4 13. O-O Bc5 14. Rad1 Ke7
15. Nce2 Nh6 16. Bh4 Rf8 17. Rxf6 Rxf6 18. Rf1 Bf5 19. Kh1 Nf3 20. gxf3 gxf3
21. Nxf5+ Nxf5 22. Bxf6+ Kxf6 23. Rxf3 1-0

[Event "Dettmann-BSV Chemie Radebeul"]
[Site "Radebeul"]
[Date "2016.06.30"]
[Round "?"]
[White "Dettmann, Uwe"]
[Black "Richter, Andreas"]
[Result "1/2-1/2"]
[WhiteElo "1909"]
[BlackElo "1747"]
[PlyCount "28"]
[EventDate "2016.??.??"]

1. d4 Nf6 2. c4 g6 3. Nc3 d5 4. e3 Bg7 5. Nf3 c5 6. dxc5 Qa5 7. Bd2 Qxc5 8. Qb3
dxc4 9. Bxc4 O-O 10. O-O Bg4 11. Be2 Be6 12. Qb5 Nbd7 13. Nd4 Bd5 14. Rac1 Qxb5
1/2-1/2

[Event "SK Kaltenkirchen-Mongolia Women"]
[Site "Radebeul"]
[Date "2016.06.30"]
[Round "?"]
[White "Pantel, Heinrich"]
[Black "Soyolmaa Dashdondog"]
[Result "1/2-1/2"]
[WhiteElo "1801"]
[BlackElo "1923"]
[PlyCount "56"]
[EventDate "2016.??.??"]

1. e4 e5 2. Nf3 Nc6 3. Bc4 Bc5 4. O-O Nf6 5. d3 h6 6. a3 d6 7. Be3 Bb6 8. Bxb6
axb6 9. h3 O-O 10. Nbd2 Nh7 11. Nh2 Qf6 12. c3 Ne7 13. Qf3 Ng6 14. Qxf6 Nxf6
15. Nhf3 Be6 16. Bxe6 fxe6 17. d4 Nd7 18. dxe5 Ndxe5 19. Nxe5 Nxe5 20. f3 Nd3
21. Rab1 e5 22. Nc4 Nf4 23. Ne3 Rf7 24. Rbd1 b5 25. Nd5 Ne6 26. Ne3 Nf4 27. Nd5
Ne6 28. Ne3 Nf4 1/2-1/2

[Event "SK Norderstedt von 1975 e.V.-Schachfreu"]
[Site "Radebeul"]
[Date "2016.06.30"]
[Round "?"]
[White "Voitel, Dietrich"]
[Black "Mueggenburg, Rolf"]
[Result "1/2-1/2"]
[WhiteElo "1559"]
[BlackElo "1755"]
[PlyCount "43"]
[EventDate "2016.??.??"]

1. c4 e5 2. Nc3 c6 3. e4 Nf6 4. d3 Bb4 5. a3 Be7 6. Be2 d6 7. Nf3 Bg4 8. h3 Be6
9. Bd2 O-O 10. Rb1 Nbd7 11. Ng5 Ne8 12. Nxe6 fxe6 13. Bg4 Rf6 14. O-O Nc7 15.
Bg5 Rf8 16. Be3 Bg5 17. Qd2 Bf4 18. g3 Bxe3 19. Qxe3 Qe7 20. b4 b6 21. b5 c5
22. a4 1/2-1/2

[Event "TSG Markkleeberg von 1903-SG Gera/ Meus"]
[Site "Radebeul"]
[Date "2016.06.30"]
[Round "?"]
[White "Fuchs, Joachim"]
[Black "Hilbert, Stephan-Joerg"]
[Result "1-0"]
[WhiteElo "1819"]
[BlackElo "1839"]
[PlyCount "57"]
[EventDate "2016.??.??"]

1. d4 b5 2. e4 Bb7 3. Bd3 Nf6 4. Qe2 a6 5. Bg5 h6 6. Bh4 d6 7. Nd2 Nbd7 8. c4
b4 9. Ngf3 c5 10. e5 Nh5 11. e6 Ndf6 12. exf7+ Kxf7 13. d5 Nf4 {(=)} 14. Qf1
Nxd3+ 15. Qxd3 Bc8 16. O-O g6 17. Rae1 Bg7 18. b3 Bf5 19. Qe2 Re8 20. h3 Qc8
21. g4 Bd7 22. Nh2 Kg8 23. Qd3 g5 24. Bg3 Kf7 25. f4 e5 26. fxe5 dxe5 27. Bxe5
Kg8 28. Qg6 Qd8 29. Bxf6 1-0

[Event "SG Gera/ Meuselwitz-TSG Markkleeberg vo"]
[Site "Radebeul"]
[Date "2016.06.30"]
[Round "?"]
[White "Kohl, Anke"]
[Black "Beuger, Ronald"]
[Result "0-1"]
[WhiteElo "1511"]
[BlackElo "1776"]
[PlyCount "62"]
[EventDate "2016.??.??"]

1. c4 Nf6 2. Nc3 d6 3. g3 g6 4. Bg2 Bg7 5. e3 Nbd7 6. Nge2 Ne5 7. d3 c6 8. O-O
h5 9. f4 Neg4 10. h4 Nh6 11. Qa4 Bd7 12. Rb1 Nfg4 13. Ne4 Nf5 14. Rf3 Qb6 15.
c5 dxc5 16. Qc4 Be6 17. Qxc5 Qc7 18. b3 b6 19. Qc2 Rd8 20. Ng5 Bc8 21. e4 Nd4
22. Nxd4 Bxd4+ 23. Kh1 O-O 24. Bb2 c5 25. Bxd4 Rxd4 26. Qc1 Rfd8 27. b4 Ba6 28.
b5 Bb7 29. Kg1 Qd7 30. Bf1 f6 31. Nh3 f5 0-1

[Event "England 1-Oranje 1"]
[Site "Radebeul"]
[Date "2016.06.30"]
[Round "?"]
[White "Farrand, Julian T"]
[Black "Van Oosten, Arend"]
[Result "1-0"]
[WhiteElo "2048"]
[BlackElo "2082"]
[PlyCount "89"]
[EventDate "2016.??.??"]

1. d4 e6 2. e4 d5 3. Nc3 Nf6 4. Bg5 Bb4 5. e5 h6 6. Bh4 g5 7. Bg3 Ne4 8. Nge2
c5 9. a3 Bxc3+ 10. Nxc3 Nxc3 11. bxc3 Qa5 12. Qd2 Nc6 13. dxc5 Bd7 14. Rb1
O-O-O 15. Be2 Qxc5 16. O-O d4 17. Bf3 dxc3 18. Qe2 Na5 19. Rfd1 Bc6 20. Rd6
Rxd6 21. exd6 Rd8 22. h4 Nc4 23. Bxc6 Qxc6 24. hxg5 hxg5 25. Rb4 Nxd6 26. Qe5
b6 27. Rb3 Kb7 28. Rxc3 Qb5 29. Qf6 Qb1+ 30. Kh2 Qd1 31. Qxd8 Qh5+ 32. Bh4
Qxh4+ 33. Kg1 Qd4 34. Rd3 Qa1+ (34... Ka6 35. Qc8+ Kb5 36. c4+ Ka4 37. Qc6+)
35. Kh2 Qe5+ 36. g3 Ne4 37. Rd7+ Ka6 38. Qc8+ Kb5 39. c4+ Ka4 40. Qc6+ Kb3 41.
Rd3+ Kc2 42. Re3 Qh8+ 43. Kg2 Nc3 44. Qd7 Qh7 45. Qd4 1-0

[Event "TuR Dresden-Saxone"]
[Site "Radebeul"]
[Date "2016.06.30"]
[Round "?"]
[White "Heinze, Peter"]
[Black "Zanger, Konrad"]
[Result "0-1"]
[WhiteElo "1635"]
[BlackElo "1777"]
[PlyCount "146"]
[EventDate "2016.??.??"]

1. e4 g6 2. d4 Bg7 3. f4 e6 4. e5 Ne7 5. Nf3 d6 6. Nc3 Bd7 7. Be3 a6 8. Bc4 b5
9. Bb3 Nf5 10. Bf2 d5 11. Ne2 Nc6 12. Ng3 Nfe7 13. c3 Na5 14. Bc2 Nc4 15. b3
Nb6 16. h4 h5 17. Ng5 Nc6 18. Qb1 Ne7 19. O-O Bh6 20. Bd3 a5 21. Qc2 a4 22. c4
dxc4 23. bxc4 bxc4 24. Bxc4 Nxc4 25. Qxc4 Nd5 26. N3e4 Rb8 27. Rab1 Bxg5 28.
fxg5 O-O 29. Nf6+ Nxf6 30. exf6 Rb6 31. d5 exd5 32. Qxd5 Rxb1 33. Rxb1 Be6 34.
Qxd8 Rxd8 35. a3 Rc8 36. Rb4 c5 37. Rxa4 c4 38. Be3 c3 39. Kf2 c2 40. Bc1 Kf8
41. Ke2 Rd8 42. Be3 Rd1 43. Bd2 c1=Q 44. Bxc1 Rxc1 45. Rb4 Rc8 46. Rd4 Ra8 47.
a4 Bb3 48. Rb4 Bxa4 49. g4 hxg4 50. Rxg4 Bd7 51. Re4 Be6 52. Ke3 Ra3+ 53. Kf4
Rh3 54. Ke5 Rg3 55. Kd6 Rd3+ 56. Ke5 Rd8 57. Kf4 Kg8 58. Ke5 Re8 59. Kd6 Kf8
60. Ra4 Rd8+ 61. Ke5 Ke8 62. Rb4 Rd5+ 63. Ke4 Kd7 64. Kf4 Kd6 65. Re4 Rf5+ 66.
Kg3 Kd5 67. Ra4 Rf1 68. Kg2 Rc1 69. Kg3 Ke5 70. Rb4 Rc3+ 71. Kf2 Kf5 72. Rb5+
Kg4 73. Rb4+ Rc4 0-1

[Event "SV Dresden-Striesen 1990 e.V.-Belgium 2"]
[Site "Radebeul"]
[Date "2016.06.30"]
[Round "?"]
[White "Groschup, Gerhard"]
[Black "Van De Wynkele, Herman"]
[Result "0-1"]
[WhiteElo "1999"]
[BlackElo "1985"]
[Annotator "Jaeger,Frank"]
[PlyCount "66"]
[EventDate "2016.??.??"]

1. d4 g6 2. c4 c5 3. d5 b5 4. cxb5 a6 5. Nc3 axb5 6. Nxb5 d6 7. e4 Bg7 8. Nc3
Nf6 9. Be2 Qa5 10. Bd2 O-O 11. Nf3 Ba6 12. O-O Nbd7 13. h3 Rfb8 14. Rb1 Ne8 15.
Re1 Bxe2 16. Qxe2 Rb7 17. a3 Rab8 18. Nd1 Qb5 19. Bc3 Nc7 20. Bxg7 Kxg7 21. Qd2
f6 22. g4 Qa6 23. Rc1 Nb5 24. Qd3 Qa8 25. Kg2 Ne5 26. Nxe5 fxe5 27. Re3 Nd4 28.
Qc4 Qa7 29. Rcc3 Rb6 30. Rcd3 Qd7 31. Rc3 Qe8 32. Qf1 Qa4 33. Qc4 Qxd1 0-1

[Event "Stiftung BSW / DBAG III-Tunisia"]
[Site "Radebeul"]
[Date "2016.06.30"]
[Round "?"]
[White "Warnke, Eberhard"]
[Black "Malki, Mounir"]
[Result "1/2-1/2"]
[WhiteElo "1868"]
[BlackElo "1757"]
[PlyCount "68"]
[EventDate "2016.??.??"]

1. d4 g6 2. Nf3 Bg7 3. e3 d6 4. Be2 Nf6 5. O-O Bg4 6. Nbd2 Nbd7 7. h3 Bxf3 8.
Nxf3 O-O 9. c4 c5 10. d5 a5 11. a4 Re8 12. Qc2 e5 13. e4 h6 14. Ne1 Rb8 15. Bd2
Kh7 16. Qd3 b6 17. b3 Rb7 18. Nc2 Qe7 19. Rfe1 Rg8 20. Ne3 h5 21. Nc2 h4 22.
Bg5 Rh8 23. Bxh4 Kg8 24. Bg3 Bh6 25. Ne3 Nf8 26. Ng4 Bg7 27. Nxf6+ Bxf6 28. Bg4
Nh7 29. f4 exf4 30. Bxf4 Bh4 31. g3 Bf6 32. Kg2 Bd4 33. Re2 Rb8 34. Rae1 Re8
1/2-1/2

[Event "BSV Chemie Radebeul-Freibauer Niedersac"]
[Site "Radebeul"]
[Date "2016.06.30"]
[Round "?"]
[White "Unger, Martin"]
[Black "Juergens, Peter"]
[Result "0-1"]
[WhiteElo "1514"]
[BlackElo "1938"]
[PlyCount "70"]
[EventDate "2016.??.??"]

1. d4 e6 2. Nf3 Nf6 3. g3 d5 4. Bg2 Be7 5. O-O O-O 6. Nbd2 Nbd7 7. c4 b6 8.
cxd5 Nxd5 9. e4 N5f6 10. Re1 Bb7 11. e5 Nd5 12. Ne4 a5 13. Nc3 c5 14. Nxd5 Bxd5
15. Be3 Rc8 16. a3 Qc7 17. Rc1 Qb7 18. Rc3 cxd4 19. Bxd4 b5 20. Ree3 b4 21.
Rxc8 Rxc8 22. a4 h6 23. Ne1 Bxg2 24. Nxg2 Qc6 25. b3 Bc5 26. Bxc5 Nxc5 27. Ne1
Qc7 28. f4 Qb6 29. Kg2 Nxa4 30. Qd7 Rd8 31. Qe7 Nc3 32. Rd3 Nd5 33. Qh4 Rc8 34.
Rd2 Ne3+ 35. Kf3 Nf5 0-1

[Event "BSV Chemie Radebeul-Freibauer Niedersac"]
[Site "Radebeul"]
[Date "2016.06.30"]
[Round "?"]
[White "Koenig, Manfred"]
[Black "Nagorni, Walter"]
[Result "0-1"]
[WhiteElo "1305"]
[BlackElo "1982"]
[PlyCount "69"]
[EventDate "2016.??.??"]

1. d4 Nf6 2. c4 c5 3. e3 g6 4. Nc3 Bg7 5. Nf3 O-O 6. Be2 b6 7. O-O Bb7 8. b3 d5
9. cxd5 Nxd5 10. Nxd5 Qxd5 11. Bb2 cxd4 12. Bxd4 Bxd4 13. Qxd4 Qxd4 14. Nxd4
Nd7 15. Bf3 Bxf3 16. Nxf3 Rac8 17. Rac1 Nc5 18. b4 Nd3 19. Rxc8 Rxc8 20. a3 Rc3
21. Ne1 Nxe1 22. Rxe1 Rxa3 23. Rb1 a5 24. bxa5 bxa5 25. Kf1 Ra2 26. g3 a4 27.
Rb8+ Kg7 28. Ra8 a3 29. Ra6 Ra1+ 30. Kg2 e6 31. h4 h5 32. e4 Kf6 33. f4 Ke7 34.
Kf2 Rh1 35. Kg2 0-1

[Event "Dresdner Seniorenklub-Randbauern"]
[Site "Radebeul"]
[Date "2016.06.30"]
[Round "?"]
[White "Ziegenbein, Dieter"]
[Black "Schnaitmann, Herbert"]
[Result "0-1"]
[WhiteElo "1701"]
[BlackElo "1975"]
[PlyCount "57"]
[EventDate "2016.??.??"]

1. e4 Nc6 2. d4 d5 3. e5 f6 4. f4 Bf5 5. Nf3 Qd7 6. Bd3 Be4 7. c3 f5 8. O-O e6
9. Bxe4 fxe4 10. Ng5 Nge7 11. Nd2 h6 12. Nh3 O-O-O 13. Nb3 Nf5 14. Nc5 Bxc5 15.
dxc5 g5 16. g4 Nh4 17. Be3 Rhg8 18. Bd4 Nf3+ 19. Rxf3 exf3 20. Qxf3 gxf4 21.
Qxf4 Qg7 22. Nf2 h5 23. h3 Rdf8 24. Qe3 Rf7 25. Qe2 Rgf8 26. Nh1 Nxd4 27. cxd4
hxg4 28. Qxg4 Qxg4+ 29. hxg4 0-1

[Event "Russia 65+-Switzerland"]
[Site "Radebeul"]
[Date "2016.06.27"]
[Round "2.2"]
[White "Balashov, Yuri S"]
[Black "Bhend, Edwin"]
[Result "1-0"]
[WhiteElo "2408"]
[BlackElo "2169"]
[Annotator "2.01.2"]
[PlyCount "63"]
[EventDate "2016.06.27"]
[WhiteTeam "Russia 65+"]
[BlackTeam "Switzerland"]
[WhiteTeamCountry "RUS"]
[BlackTeamCountry "SUI"]

1. Nf3 d5 2. g3 Nc6 3. d4 Bg4 4. Bg2 e6 5. O-O Bd6 6. c4 dxc4 7. Qa4 Nge7 8.
Qxc4 O-O 9. Nc3 Nc8 10. Rd1 Nb6 11. Qb3 Qe7 12. a4 Bb4 13. h3 Bh5 14. g4 Bg6
15. Ne5 Na5 16. Nxg6 hxg6 17. Qc2 Rfd8 18. Ne4 Nd5 19. Ng3 Bd6 20. Ne4 Qe8 21.
Bg5 Be7 22. Bd2 Nc6 23. e3 Rab8 24. Rac1 e5 25. dxe5 Nxe5 26. Qb3 c6 27. Ba5 b6
28. Bc3 Nd7 29. Qc4 Nxc3 30. Nxc3 Ne5 31. Qe4 Bf8 32. f4 1-0

[Event "Schachfreunde Leipzig-Niederoesterreich"]
[Site "Radebeul"]
[Date "2016.06.27"]
[Round "2.2"]
[White "Schubert, Thomas"]
[Black "Gneiss, Karl"]
[Result "1-0"]
[WhiteElo "2362"]
[BlackElo "2183"]
[Annotator "2.03.2"]
[PlyCount "57"]
[EventDate "2016.06.27"]
[WhiteTeam "Schachfreunde Leipzig"]
[BlackTeam "Niederoesterreich"]
[WhiteTeamCountry "GER"]
[BlackTeamCountry "AUT"]

1. d4 d5 2. c4 c6 3. Nf3 Nf6 4. e3 Bf5 5. Nc3 e6 6. Nh4 Bg6 7. Qb3 Qc7 8. Nxg6
hxg6 9. g3 Nbd7 10. Bg2 Bd6 11. Bd2 Qb6 12. c5 Qxb3 13. axb3 Bc7 14. b4 a6 15.
b5 cxb5 16. Nxb5 Rc8 17. Nxc7+ Rxc7 18. b4 O-O 19. f3 e5 20. O-O Re8 21. Rfe1
e4 22. f4 Nb8 23. Bf1 Re6 24. b5 axb5 25. Ra8 Nfd7 26. Bxb5 Kh7 27. Ba5 b6 28.
cxb6 Rb7 29. Ra7 1-0

[Event "Germany 1-Oranje 1"]
[Site "Radebeul"]
[Date "2016.06.27"]
[Round "2.1"]
[White "Werner, Clemens"]
[Black "Vogel, Jaap"]
[Result "1/2-1/2"]
[WhiteElo "2334"]
[BlackElo "2126"]
[Annotator "2.04.1"]
[PlyCount "79"]
[EventDate "2016.06.27"]
[WhiteTeam "Germany 1"]
[BlackTeam "Oranje 1"]
[WhiteTeamCountry "GER"]
[BlackTeamCountry "NED"]

1. e4 e6 2. d4 d5 3. Nc3 Bb4 4. exd5 exd5 5. Bd3 Nf6 6. Nge2 O-O 7. O-O c6 8.
Bf4 Re8 9. a3 Bd6 10. Bxd6 Qxd6 11. Ng3 Bg4 12. f3 Bd7 13. Qd2 c5 14. dxc5
Qxc5+ 15. Qf2 Qxf2+ 16. Kxf2 a6 17. Rfd1 g6 18. Bf1 Bc6 19. Nge2 Nbd7 20. Nd4
Nb6 21. Rd2 Rac8 22. Rad1 Nc4 23. Bxc4 dxc4 24. Nde2 Kg7 25. h4 h5 26. Nf4 Re5
27. Rd8 Rc7 28. R8d6 Rf5 29. g3 Ne8 30. Rd8 Nf6 31. R1d6 Rd7 32. R8xd7 Nxd7 33.
Nce2 Rf6 34. Rxf6 Kxf6 35. Nd4 Ne5 36. Ke3 Ke7 37. Nh3 Bd5 38. Nf2 Kd6 39. f4
Nd7 40. Kd2 1/2-1/2

[Event "Sweden 1-Sportfreunde Katernberg"]
[Site "Radebeul"]
[Date "2016.06.27"]
[Round "2.3"]
[White "Hammar, Bengt"]
[Black "Mueller-Clostermann, Bruno"]
[Result "1/2-1/2"]
[WhiteElo "2164"]
[BlackElo "2184"]
[Annotator "test"]
[PlyCount "69"]
[EventDate "2016.06.27"]

{Waiting for moves from server...} 1. e4 d6 2. d4 Nf6 3. Nc3 e5 4. Nf3 exd4 5.
Nxd4 Be7 6. Be2 O-O 7. O-O c5 8. Nf3 Nc6 9. h3 Be6 10. Ng5 Nd4 11. Nxe6 Nxe2+
12. Qxe2 fxe6 13. e5 Nd5 14. exd6 Qxd6 15. Ne4 Qe5 16. Re1 Rae8 17. Ng5 Qxe2
18. Rxe2 Bxg5 {(=)} 19. Bxg5 Rf5 20. Bd2 Nf4 21. Re4 Ng6 22. Rae1 Rd5 23. Bc3
Kf7 24. Ra4 a6 25. Rg4 b5 26. a3 Red8 27. Kf1 Rd1 28. Rge4 Rxe1+ 29. Kxe1 Rd5
30. Bd2 Re5 31. Rxe5 Nxe5 32. b3 Nd7 33. Ke2 e5 34. Be3 Ke6 35. Kd3 {(=)}
1/2-1/2